Statistiques concernant Quiz sur l'Empire danois

Cliquez ici pour prendre le quiz!

Statistiques générales

  • Ce quiz a été pris 53 fois
  • Le résultat moyen est 6 sur 12

Statistiques - réponses

QuestionRéponse% Correct
Quels sont les deux pays constitutifs du Royaume du Danemark aujourd'hui (en excluant le Danemark lui-même) ?Groenland
89%
Quel pays d'Europe a été sous domination danoise jusqu'à son indépendance en 1944 ?Islande
79%
A quelle pays cette dernière a-t-elle été vendu en 1845 ?Royaume-Uni
77%
Quels sont les deux pays constitutifs du Royaume du Danemark aujourd'hui (en excluant le Danemark lui-même) ?Îles Féroé
66%
Quelle religion devient la religion d'État en 1536 ?Luthéranisme
60%
Quelle était le nom de l'Union entre les trois royaumes scandinaves de Danemark, Suède et Norvège ?Union de {Kalmar}
60%
Dans quel pays moderne africain le Danemark avait-il des comptoirs coloniaux ?Ghana
47%
Quelle île, aujourd'hui suédoise, a été sous domination danoise entre 1361 et 1645 ?Gotland
40%
Quelles îles ont été vendues par le Danemark aux Etats-Unis contre 25 millions de dollars ?Îles vierges
32%
A quel pays, aujourd'hui disparu, ont été vendu les possessions estoniennes du Danemark au 13e siècle ?Confédération {livonienne}
19%
Dans quelle ville indienne une université a-t-elle été fondé par le Danemark et existe toujours aujourd'hui ?Serampore
2%
Dans quelle ville indienne a été fondé la première colonie danoise hors Europe ?Tranquebar
2%

Distribution des résultats

Percentile par nombre de réponses

% des personnes avec chaque résultat

Votre développement - résultats

Vous n’avez pas pris ce quiz